000 00510nam a2200181 a 4500
005 20210223125416.0
008 040809s2000 mx r 000 0 spa d
020 _a9706563962
035 _aUPN01000134158
049 _aI
050 4 _aPZ76.3
_bK4.7
100 1 _aKeselman, Gabriela,
_d1953-
_931735
245 1 0 _aTomás /
_cGabriela Keselman ; il. Carme Peris.
260 _aMéxico :
_bCITEM,
_c2000.
300 _a22 p. :
_bil. col.
650 4 _aANIMALES -
_vLITERATURA JUVENIL
_91062
905 _aInfantil
999 _c106309
_d106309